|
|
|
|
| LEADER |
00920nam a2200277 a 4500 |
| 001 |
5292 |
| 003 |
BD-DhAAL |
| 005 |
20150917100608.0 |
| 008 |
150917r1984 mau 001 0ceng |
| 010 |
|
|
|a 84016384
|
| 020 |
|
|
|a 1861975376
|
| 020 |
|
|
|a 0316177903
|
| 040 |
|
|
|a DLC
|c DLC
|d DLC
|d BD-DhAAL
|
| 050 |
0 |
0 |
|a BF637.S8
|b D365 1984
|
| 082 |
0 |
0 |
|a 158/.1
|2 19
|
| 100 |
1 |
|
|a De Bono, Edward,
|d 1933-
|9 14736
|
| 245 |
1 |
0 |
|a Tactics :
|b the art and science of success /
|c Edward de Bono.
|
| 260 |
|
|
|a Boston :
|a London :
|b Little, Brown,
|b Profile Books,
|c c1985.
|
| 300 |
|
|
|a 256 p. ;
|c 20 cm.
|
| 500 |
|
|
|a Includes index.
|
| 541 |
|
|
|e 5292
|
| 650 |
|
0 |
|a Success.
|9 14737
|
| 650 |
|
0 |
|a Success
|x Biography.
|9 14738
|
| 942 |
|
|
|2 ddc
|c BK
|
| 999 |
|
|
|c 35577
|d 35577
|
| 952 |
|
|
|0 0
|1 0
|2 ddc
|4 0
|6 158_000000000000000__1_DEB
|7 0
|9 55951
|a SCL
|b SCL
|c GEN
|d 2015-09-17
|g 445.00
|l 5
|m 29
|o 158.1 DEB
|p 3020005292
|r 2022-08-24
|s 2022-07-28
|t 1
|w 2015-09-17
|y BK
|